Paesi che non hanno siti UNESCO - Statistics

Statistiche generali
  • Questo quiz è stato fatto 44 volte
  • Il punteggio medio è 14 su 25
Statistiche sulle risposte
Continente Paese % Corretto
Liechtenstein*
76%
Samoa
74%
Tuvalu
74%
Europa Monaco
71%
Oceania Nauru
68%
Grenada
65%
Tonga
65%
Gibuti
62%
Saint Vincent e Grenadine
62%
Americhe Bahamas
59%
Trinidad e Tobago
59%
Asia Bhutan
56%
Sao Tomé e Principe
56%
Brunei
53%
Eswatini
53%
Comore
50%
Guyana
50%
Kuwait
47%
Timor Est
47%
Maldive
44%
Africa Burundi
41%
Somalia
41%
Liberia
35%
Sud Sudan
35%
Guinea Equatoriale
32%
Nessun quiz corrispondente trovato
Distribuzione punteggi
Percentuale di utenti per punteggio
Percentile per numero di risposta
I tuoi punteggi nel tempo
Non hai fatto questo quiz